Catálogo
 En Linea

How to produce a better newspaper = (Registro nro. 39585)

Detalles MARC
000 -CABECERA
campo de control de longitud fija 00487nam a2200145 a 4500
001 - NÚMERO DE CONTROL
campo de control 000040095
005 - FECHA Y HORA DE LA ÚLTIMA TRANSACCIÓN
campo de control 20201002033920.0
008 - DATOS DE LONGITUD FIJA--INFORMACIÓN GENERAL
campo de control de longitud fija 130806s1966 xxu 000 0 spa d
040 ## - FUENTE DE LA CATALOGACIÓN
Centro catalogador/agencia de origen DO-SdBNP
Lengua de catalogación spa
Centro/agencia transcriptor BNPHU
041 17 - CÓDIGO DE LENGUA
Código de lengua del texto/banda sonora o título independiente spa
Fuente del código eng
245 00 - MENCIÓN DE TÍTULO
Título How to produce a better newspaper =
Resto del título Como hacer un mejor periodico /.
246 13 - FORMA VARIANTE DE TÍTULO
Título propio/Titulo breve Como hacer un mejor periodico
260 ## - PUBLICACIÓN, DISTRIBUCIÓN, ETC.
Lugar de publicación, distribución, etc. New York :
Nombre del editor, distribuidor, etc. IAPA Technical Center :
-- Centro Técnico de la Sip,
Fecha de publicación, distribución, etc. 1966.
300 ## - DESCRIPCIÓN FÍSICA
Extensión 51 p. :
Otras características físicas il., retrs. ;
Dimensiones 20 cm.
Existencias
Estado de retiro Estado de pérdida Restricciones de uso No para préstamo Código de colección Localización permanente Ubicación/localización actual Ubicación en estantería Fecha de adquisición Número de inventario Total de préstamos Signatura topográfica completa Código de barras Fecha visto por última vez Precio válido a partir de Tipo de ítem Koha Nota pública
      Excluido de préstamo Monografías: Libros y Folletos General General En catalogación 06.08.2013 LF1   40095-10 25.06.2020 25.06.2020 No se presta Perteneció a la biblioteca personal de Germán Emilio Ornes

Con tecnología Koha